000116904 001__ 116904 000116904 005__ 20220606153816.0 000116904 037__ $$aGDOC-2021-69420 000116904 041__ $$aspa 000116904 041__ $$aeng 000116904 100__ $$0(orcid)0000-0002-4133-7553$$1409841$$aMaría Paz Comech, Moreno 000116904 24500 $$969420$$aSimulación avanzada de sistemas eléctricos con fuentes renovables 000116904 24200 $$969420$$aAdvanced simulation of power systems with renewable generation 000116904 260__ $$aZaragoza$$bUniversidad de Zaragoza$$c2021-2022 000116904 521__ $$9710$$aPrograma conjunto en Máster Universitario en Ingeniería Industrial-Máster Universitario en Energías Renovables y Eficiencia Energética$$b 000116904 540__ $$aby-nc-sa$$bCreative Commons$$c3.0$$uhttp://creativecommons.org/licenses/by-nc-sa/3.0/ 000116904 700__ $$1563975$$aMarta Emilia Haro, Larrodé 000116904 700__ $$0(orcid)0000-0002-6857-5519$$1135104$$aJesús Letosa, Fleta 000116904 700__ $$0(orcid)0000-0002-0946-2864$$1115617$$aAntonio Usón, Sardaña 000116904 830__ $$9610 000116904 8564_ $$s7982$$uhttps://zaguan.unizar.es/record/116904/files/guia-69420-en.pdf$$yGuide (english) 000116904 8564_ $$s8369$$uhttps://zaguan.unizar.es/record/116904/files/guia-69420-es.pdf$$yGuía (idioma español) 000116904 970__ $$aGDOC-2021-69420 000116904 980__ $$aGDOC$$bEngineering and Architecture$$bIngeniería y Arquitectura$$c110